| 000 | 00746nam a2200157 a 4500 | ||
|---|---|---|---|
| 001 | 000041890 | ||
| 005 | 20201002035820.0 | ||
| 008 | 131021s1995 sp ab 000 0 spa d | ||
| 020 | _z8478190651 | ||
| 040 |
_aDO-SdBNP _bspa _cBNPHU |
||
| 245 | 0 | 0 |
_aTabvla Imperii Romani : _bHoja J-29, Lisboa : Emerita, Scallabis, Pax Ivlia, Gades : sobre la base cartográfica del mapa a escala 1:1.000.000 del IGN / _ceditores : Jorge de Alarcâo ... [et al.] ; texto rev. por: Adela Cepas Palanca ... [et al.]. |
| 260 |
_aMadrid : _bInstituto Geográfico Nacional, _bConsejo Superior de Investigaciones Científicas, _c1995. |
||
| 300 |
_a219 p. : _bil., + 1 map. pleg. ; _c24 cm. |
||
| 504 | _aBibliografía: p. 12-22 | ||
| 700 | 1 | 2 |
_aAlarcâo, Jorge de _eedt. _968778 |
| 999 |
_c41379 _d41379 |
||